000 00454nam a2200217Ia 4500
003 IT-RoPAU
008 120407s9999 xx 000 0 und d
040 _aIT-RoPAU
040 _cIT-RoPAU
041 _afra
100 _aJacques Duquesne
245 _aDieu pour l’homme d’aujourd’hui
250 _aParis
260 _aGrasset
260 _c1970
300 _a308 p.
300 _c20 cm
490 _v1
942 _cBK
999 _c32110
_d32110